Poezie je jako vážna hudba

Bibliographic Details
Main Authors: Miškufová, Helena (Author), Prouza, Petr, 1944- (Author)
Format: Article
Language:Slovak
PhysicalDescription:1 obr.
ISSN:1335-549X
Subjects:

MARC

LEADER 00000nab a2200000 a 4500
001 vtls000907897
003 SK-MaSNL
005 20260302172515.0
008 040720e20010000xo 0 slo
035 |a KE16832 
040 |a KEVKJB  |b slo  |c KEVKJB  |e AACR2 
041 0 |a slo 
044 |a xo  |c SK 
080 |a 885.0  |2 1981 
080 |a 929  |2 1981 
100 1 |a Miškufová, Helena  |4 aut  |9 266662 
245 1 0 |a Poezie je jako vážna hudba 
300 |b 1 obr. 
590 |a Prouza, Petr  |b český spisovateľ 
600 1 7 |a Prouza, Petr,  |d 1944-  |2 KEVKJB  |9 166086 
650 0 7 |a česká literatúra  |2 KEVKJB  |9 1178 
650 0 7 |a tvorba  |2 KEVKJB  |9 287368 
650 0 7 |a prezentácia  |2 KEVKJB  |9 428364 
650 0 7 |a rozhovory  |2 KEVKJB  |9 453585 
651 7 |a Košice (Slovensko)  |2 KEVKJB  |9 18694 
651 7 |a KE,  |2 KEVKJB  |9 877256 
655 7 |a periodikum  |2 snkbucl  |9 29553 
700 1 0 |a Prouza, Petr,  |d 1944-  |4 aut  |9 166086 
773 0 8 |t Česká beseda  |g Roč. 7, č.11 (2001), s. 7  |x 1335-549X 
852 |a ZVYKNI  |b KIS3GCP 
999 |c 1398995  |d 1400925